| 000 | 01292nam a2200373 i 4500 | ||
|---|---|---|---|
| 001 | 000012873 | ||
| 003 | DO-SdBPM | ||
| 005 | 20251020124628.0 | ||
| 007 | ta | ||
| 008 | 091118s2006 d 000 j spa d | ||
| 020 | _a | ||
| 040 |
_aDO-SdBPM _bspa _cBPMSU _erda _d |
||
| 082 | 4 |
_a225.56 _bB853h, 2006 _222 |
|
| 100 | 1 |
_a Brierley, Jane _eautor _d |
|
| 245 | 1 | 3 |
_a Historia del nuevo testamento / _cJane Brierley ; ilustraciones Aleksandr Lebedev ; traducción Gloria Jaramillo |
| 264 |
_aChina ; _bLexus, _c2006 |
||
| 300 |
_a varias páginas ; _c24 cm. |
||
| 336 |
_2rdacontent _atexto _btxt |
||
| 337 |
_2rdamedia _asin mediacion _bn |
||
| 338 |
_2rdacarrier _avolumen _bnc |
||
| 490 | 0 | _a Recrea y aprende | |
| 500 | _a | ||
| 505 | 0 | _aEl nacimiento de Jesús -- Los visitantes del Santo Niño -- La multiplicación de pan -- La última cena con Jesús -- La muerte en la cruz -- Jesús va el cielo. | |
| 590 | _aInventariado, 2025/ VM | ||
| 630 | 0 | 7 |
_aBiblia. _pEvangelios _p N.T. |
| 630 | 0 | 7 |
_a Biblia _xHistoria sagrada. _p |
| 630 | 0 | 7 |
_a Biblia _vLibros infantiles y juveniles |
| 650 | 7 | _a | |
| 650 | 7 | _aLiteratura dominicana. | |
| 700 | 1 |
_aJaramillo, Gloria _etraducción |
|
| 710 | 2 | _aLexus | |
| 910 | _aVMateo V. Control de calidad BPMSU | ||
| 942 |
_2ddc _cBK |
||
| 999 |
_c15469 _d15469 |
||